Ranking KSW - Kategoria piórkowa - Statystyki

Ogólne statystyki
  • Ten quiz został rozwiązany 28 razy
  • Średni wynik to 7 z 11
Statystyki odpowiedzi
Pozycja Zawodnik Narodowość % Poprawnych
Champion Salahdine Parnasse Francja
96%
IC Robert Ruchała Polska
88%
2 Patryk Kaczmarczyk Polska
85%
6 Ahmed Vila Bośnia i Hercegowina
73%
5 Adam Soldaev Polska
69%
3 Daniel Rutkowski Polska
69%
4 Kacper Formela Polska
65%
8 Daniel Tărchilă Mołdawia
62%
7 Damian Stasiak Polska
54%
9 Łukasz Charzewski Polska
50%
10 Michał Domin Polska
31%
Nie znaleziono quizów pasujących do podanych kryteriów
Rozkład punktacji
Procent ludzi z każdym wynikiem
Percentyl według liczby udzielonych odpowiedzi
Twoja historia wyników
Nie rozwiązałeś tego quizu